000 00465nam a2200181Ia 4500
001 3798
005 20260306145710.0
008 260306t2006||||xx |||||||||||||| ||spa||
041 _aESP
082 _a303.4830985
_bS29
100 _aSchultze-Rhonhof, Kurt
_eAUT
245 0 _aLa paradoja de la globalización desde una perspectiva peruana
260 _c2006
300 _a260 pƔginas :
_c21 cm.
650 _aGEN
654 _aCHU
942 _cLIB
_dJUS
_fJUS
_2ddc
_n
999 _c3798
_d3798